[Event "AUTO-MASTER-390"]
[Site "http://www.queenalice.com/game.php?id=355556"]
[Date "2008.2.17"]
[Round "2"]
[White "Jerrylaine"]
[Black "Brodthuhn"]
[Result "0-1"]
[WhiteElo "2105"]
[BlackElo "2413"]

1. e4 e5 2. Nf3 Nc6 3. d4 exd4 4. Nxd4 Bc5 5. Nxc6 Qf6 6. Qd2 dxc6 7. Nc3 Be6 8.
Qf4 O-O-O 9. Bd3 Kb8 10. Qxf6 Nxf6 11. O-O Ng4 12. Be2 Bd4 13. Bf4 f6 14. a4 g5
15. Bxg4 Bxg4 16. Be3 Be5 17. f3 Be6 18. Rfd1 b6 19. g3 h5 20. Kf2 Rxd1 21. Rxd1
h4 22. Kg2 c5 23. Rd3 Kb7 24. f4 gxf4 0-1

[Event "AUTO-MASTER-390"]
[Site "http://www.queenalice.com/game.php?id=355557"]
[Date "2008.2.17"]
[Round "2"]
[White "Brodthuhn"]
[Black "Jerrylaine"]
[Result "1-0"]
[WhiteElo "2415"]
[BlackElo "2087"]

1. d4 e6 2. e4 d5 3. Nc3 dxe4 4. Nxe4 Bd7 5. Nf3 Bc6 6. Bd3 Bxe4 7. Bxe4 c6 8.
O-O Nf6 9. Bd3 Bd6 10. c4 O-O 11. Qb3 b6 12. Bd2 Nbd7 13. Rfe1 Qc7 14. Qc2 e5
15. dxe5 Nxe5 16. Nxe5 Bxe5 17. g3 Rad8 18. Rad1 Rfe8 19. Kg2 c5 20. Bg5 h6 21.
Bd2 Bd4 22. Rxe8+ Rxe8 23. Bc3 Qc6+ 24. f3 Ng4 25. Bxd4 cxd4 26. Qd2 Ne3+ 27.
Kf2 Nxd1+ 28. Qxd1 g6 29. Qd2 1-0

[Event "AUTO-OPEN-835"]
[Site "http://www.queenalice.com/game.php?id=356534"]
[Date "2008.2.18"]
[Round "2"]
[White "Jajer"]
[Black "Jerrylaine"]
[Result "0-1"]
[WhiteElo "1518"]
[BlackElo "2181"]

1. e4 d5 2. Nc3 d4 3. Nce2 e5 4. Ng3 Nf6 5. d3 c5 6. c4 Bg4 7. f3 Be6 8. Bg5 h6
9. Bxf6 Qxf6 10. Nh5 Qh4+ 0-1

[Event "AUTO-OPEN-835"]
[Site "http://www.queenalice.com/game.php?id=356535"]
[Date "2008.2.18"]
[Round "2"]
[White "Jerrylaine"]
[Black "Smurf"]
[Result "1-0"]
[WhiteElo "2182"]
[BlackElo "1499"]

1. e4 d6 2. d4 f5 3. exf5 Bxf5 4. Nf3 Nc6 5. d5 Ne5 6. Nd4 Qd7 7. Nc3 Nf6 8. f4
Bg4 9. Qd2 Ng6 10. Bb5 c6 11. dxc6 Qc7 12. cxb7+ Bd7 13. bxa8=Q+ Kf7 14. Bxd7
Qxd7 15. Qf3 Nh4 16. Qg3 1-0

[Event "AUTO-OPEN-835"]
[Site "http://www.queenalice.com/game.php?id=356536"]
[Date "2008.2.18"]
[Round "2"]
[White "Smurf"]
[Black "Jerrylaine"]
[Result "0-1"]
[WhiteElo "1497"]
[BlackElo "2183"]

1. f4 d5 2. d3 Nf6 3. Nf3 c5 4. e3 e6 5. Nc3 Nc6 6. Bd2 Be7 7. d4 cxd4 8. Nxd4
Nxd4 9. exd4 Qb6 10. Be3 Qxb2 11. Nb5 Ne4 12. Nc7+ Kf8 13. Nxa8 Bb4+ 14. Bd2
Bxd2+ 15. Qxd2 Nxd2 0-1

[Event "cbaroni"]
[Site "http://www.queenalice.com/game.php?id=368913"]
[Date "2008.3.10"]
[Round "4"]
[White "coffeesean"]
[Black "Jerrylaine"]
[Result "0-1"]
[WhiteElo "1539"]
[BlackElo "2184"]

1. e4 d5 2. Nc3 d4 3. Nd5 e5 4. Nf3 c6 5. Nb4 Bxb4 6. a3 Bd6 7. Bc4 Nf6 8. Ng5
O-O 9. d3 h6 10. h4 b5 11. Ba2 Na6 12. b4 c5 13. Nf3 cxb4 14. c4 bxa3 15. cxb5
Qa5+ 16. Bd2 Qxb5 17. O-O Qe8 18. g3 Bg4 19. Bc4 Nc7 20. Kg2 a6 21. Qc1 Nb5 22.
Bxh6 Bxf3+ 23. Kg1 Qd7 24. Qg5 Ne8 25. Kh2 Qg4 26. Bxb5 axb5 27. Rfc1 b4 28. Rc6
Qxg5 29. Bxg5 b3 30. Rb6 b2 31. Rxb2 axb2 32. Rb1 Rb8 33. h5 Be2 34. h6 Bxd3 35.
Rxb2 Rxb2 0-1

[Event "KOQA CUP "]
[Site "http://www.queenalice.com/game.php?id=372607"]
[Date "2008.3.17"]
[Round "3"]
[White "mustangmike"]
[Black "Jerrylaine"]
[Result "1-0"]
[WhiteElo "1889"]
[BlackElo "2178"]

1. d4 c5 2. dxc5 e6 3. e3 Bxc5 4. Bd3 Nf6 5. Nf3 d5 6. O-O O-O 7. Nbd2 Bd6 8. h3
Nc6 9. c4 b6 10. a3 a5 11. b3 Ba6 12. Be2 Qe7 13. cxd5 Bxe2 14. Qxe2 Nxd5 15.
Bb2 Nf6 16. Rfd1 Rfd8 17. Qb5 1-0

[Event "Fischer 43/08"]
[Site "http://www.queenalice.com/game.php?id=386629"]
[Date "2008.4.12"]
[Round "1"]
[White "Miquel_Anguis"]
[Black "Jerrylaine"]
[Result "1-0"]
[WhiteElo "1754"]
[BlackElo "2128"]

1. Nf3 e6 2. c4 f5 3. g3 Nf6 4. Bg2 Be7 5. O-O c5 6. d4 cxd4 7. Nxd4 Nc6 8. Nc3
O-O 9. Bf4 Nxd4 10. Qxd4 d6 11. Bg5 h6 12. Bc1 e5 13. Qd2 1-0

[Event "Fischer 43/08"]
[Site "http://www.queenalice.com/game.php?id=418649"]
[Date "2008.6.16"]
[Round "2"]
[White "Jerrylaine"]
[Black "stuge"]
[Result "1-0"]
[WhiteElo "2020"]
[BlackElo "1467"]

1. e4 e5 2. Nf3 Qf6 3. Nc3 Ne7 4. d4 d6 5. Bg5 Qg6 6. dxe5 dxe5 7. Bxe7 Bxe7 8.
Nxe5 Qf6 9. Nf3 Nc6 10. Nd5 Qd6 11. c4 Be6 12. a3 Ne5 13. Nd4 Bg4 14. Qb3 Qc5
15. Qxb7 O-O 16. Nb3 Qd6 17. Qxc7 Qxc7 18. Nxc7 Rab8 19. Nd5 Bh4 20. Nc1 f5 21.
Ra2 fxe4 22. b4 e3 23. Nxe3 Rbe8 24. c5 Bh5 25. h3 Nc6 26. Bc4+ Kh8 27. O-O a5
28. b5 Rf4 29. g3 1-0

[Event "AUTO-MASTER-1428"]
[Site "http://www.queenalice.com/game.php?id=948988"]
[Date "2011.6.12"]
[Round "1"]
[White "Jerrylaine"]
[Black "amand"]
[Result "1-0"]
[WhiteElo "2006"]
[BlackElo "2148"]

1. e4 e6 2. d4 d5 3. Nd2 dxe4 4. Nxe4 Be7 5. Nf3 Nd7 6. Bd3 Ngf6 7. Qe2 b6 8.
Ne5 Bb7 9. Nxf7 Kxf7 10. Ng5+ Ke8 11. Nxe6 Qc8 12. Nxg7+ Kf7 13. Qe6+ Kxg7 14.
Qxe7+ Kg8 15. Bc4+ Nd5 16. Qe6+ 1-0

[Event "AUTO-MASTER-1428"]
[Site "http://www.queenalice.com/game.php?id=948989"]
[Date "2011.6.12"]
[Round "1"]
[White "amand"]
[Black "Jerrylaine"]
[Result "1-0"]
[WhiteElo "2126"]
[BlackElo "1962"]

1. e4 e5 2. Bc4 Nf6 3. d3 Nc6 4. Nc3 Na5 5. Bb3 Nxb3 6. axb3 d5 7. exd5 Nxd5 8.
Nge2 Be7 9. O-O O-O 10. Nxd5 Qxd5 11. Nc3 Qc6 12. f4 exf4 13. Bxf4 Bf6 14. Bd2
Re8 15. Qh5 1-0

[Event "AUTO-MASTER-1428"]
[Site "http://www.queenalice.com/game.php?id=948990"]
[Date "2011.6.12"]
[Round "1"]
[White "Jerrylaine"]
[Black "brunoparadisi"]
[Result "0-1"]
[WhiteElo "1917"]
[BlackElo "2030"]

1. e4 c6 2. d4 d5 3. Nc3 dxe4 4. Nxe4 Bf5 5. Ng3 Bg6 6. Bc4 e6 7. N1e2 Nd7 8. h4
h6 9. Nf4 Bh7 10. c3 Ngf6 11. Nfh5 Bg6 12. Be3 Nxh5 13. Nxh5 Nf6 0-1

[Event "AUTO-MASTER-1428"]
[Site "http://www.queenalice.com/game.php?id=948991"]
[Date "2011.6.12"]
[Round "1"]
[White "brunoparadisi"]
[Black "Jerrylaine"]
[Result "1-0"]
[WhiteElo "2018"]
[BlackElo "1929"]

1. e4 e5 2. Nf3 Nc6 3. Bc4 Bc5 4. c3 Nf6 5. b4 Bb6 6. d3 d6 7. a4 a6 8. O-O O-O
9. Ng5 h6 10. Nf3 Qe7 11. h3 1-0

[Event "QA-ANNIV-07"]
[Site "http://www.queenalice.com/game.php?id=950673"]
[Date "2011.6.16"]
[Round "1"]
[White "papyrusmoon"]
[Black "Jerrylaine"]
[Result "1-0"]
[WhiteElo "1463"]
[BlackElo "2028"]

1. e4 e5 2. Nf3 Nc6 3. Bb5 a6 4. Ba4 Nf6 5. O-O Be7 6. Re1 b5 7. Bb3 O-O 8. c3
d6 9. h3 Na5 10. Bc2 c5 11. d4 Qc7 12. Nbd2 Bd7 13. Nf1 Nc4 14. dxe5 dxe5 15. b3
Nb6 16. a4 c4 17. a5 cxb3 18. Bxb3 Nc4 19. Ng3 Nxa5 20. Nxe5 Nxb3 21. Qxb3 Qxe5
22. Bd2 Bc5 23. Be3 1-0